Normal view
MARC view
Entry Personal Name
001 - CONTROL NUMBER
- control field: 16047
003 - CONTROL NUMBER IDENTIFIER
- control field: BD-RjUL
005 - DATE AND TIME OF LATEST TRANSACTION
- control field: 20250715145643.0
008 - FIXED-LENGTH DATA ELEMENTS
- fixed length control field: 250715|| aca||aabn | a|a d
040 ## - CATALOGING SOURCE
- Original cataloging agency: BD-RjUL
- Transcribing agency: BD-RjUL
100 ## - HEADING--PERSONAL NAME
- Personal name: Das, Dipankkar, Supervisor
670 ## - SOURCE DATA FOUND
- Source citation: Work cat.: (BD-RjUL)85212: Ahmed, Md. Tofael 230513, A Unified Bangla cyberbullying detection technique using machine learning algorithms in social networks /, 2024